000 00606nam a2200181 i 4500
001 134953
003 ES-MaACL
005 20230906194758.0
007 t|
008 070704s1922 xxk ||||1| eng d
100 1 _aThomson, J. H.
_9110116
245 1 0 _aHandbook on petroleum
_b: for inspectors under the petroleum acts /
_cby Jocelin Home Thomson and Boverton Redwood ; revised and added to by A. Cooper-Key.
260 _aLondon :
_b[Bell & Bain],
_c1922.
300 _aXIX, 338 p. ;
_c24 cm.
700 1 _aRedwood, Boverton.
_995836
710 1 _aCooper-Key, A.
_93287
852 _aES-MaACL
_jB-12196
999 _c134953
_d134953